| 000 | 01097nac a22003251i 4500 | ||
|---|---|---|---|
| 003 | EG-ScBUE | ||
| 005 | 20250629093228.0 | ||
| 008 | 160927t1993 nyua f 001 0 eng d | ||
| 020 | _a0070212341 | ||
| 020 | _a9780070212343 | ||
| 040 |
_aEG-ScBUE _beng _erda _cEG-ScBUE _dEG-ScBUE |
||
| 082 | 0 | 4 |
_a537.076 _bEDM _222 |
| 100 | 1 |
_aEdminister, Joseph, _938618 _eauthor. |
|
| 245 | 1 | 0 |
_aSchaum’s outline of theory and problems of electromagnetics / _cJoseph A. Edminister, professor emeritus of electrical engineering, The University of Akron. |
| 246 | 3 | 0 | _aElectromagnetics |
| 246 | 3 | 0 | _aTheory and problems of electromagnetics |
| 250 | _aSecond edition. | ||
| 264 | 1 |
_aNew York : _bMcGraw-Hill, _c[1993] |
|
| 264 | 4 | _cc1993 | |
| 300 |
_avii, 338 pages : _billustrations ; _c28 cm. |
||
| 336 |
_2rdacontent _atext _btxt |
||
| 337 |
_aunmediated _2rdamedia _bn |
||
| 338 |
_avolume _bnc _2rdacarrier |
||
| 490 | 0 | _aSchaum's outline series | |
| 500 | _aIncludes index. | ||
| 500 | _aIncludes appendix. | ||
| 650 | 7 |
_aElectromagnetism. _2BUEsh |
|
| 655 | _vReading book | ||
| 942 |
_cBB _2ddc |
||
| 999 |
_c1393 _d1393 |
||